01228nam a2200229 a 4500952010300000999001700103008004100120020001800161050001400179100003000193245012400223260003500347300001800382490002000400500015100420504004700571505026200618519006000880650002600940650002500966942000700991 00104070a11b11d2008-06-17l4oLC71 A 53p11 007025r2015-03-04s2015-03-04t1w2012-06-26yLB c71814d71814120626s2007 mx 000 0 spa d a9789702920403 aLC71bA53 aAndere M., Eduardoeautor a¿Cómo es la mejor educación en el mundo?b: políticas educativas y escuelas en 19 paísesc/ Eduardo, Andere M. aMéxicob: Santillanac, 2007 a496 páginas aAula XXI v: 30 aIncluye : Prefacio (pp. 17-18), Agradecimientos, (pp. 19-25), Introducción (pp. 27-38), Epílogo: Reflexiones y lecciones finales (pp. 479-483) aReferencias Bibliográficas (pp. 485-495) aFinlandia Suecia Francia Inglaterra Escocia Irlanda Flandes, Belgica La Republica Checa Suiza Singapur Australia Nueva Zelanda o Aotearoa Hong Kong Corea del Sur Japón Estados Unidos de América Canadá Chile México aMaterial complementario / bPedagogía / d(11 007025) 0aEDUCACIÓN COMPARADA 0aEDUCACIÓN Y ESTADO cLB